Διαχείριση δεδομένων πιεζομετρίας και ποιότητας νερών με χρήση GIS : εφαρμογή στη λεκάνη Σαριγκιόλ : πτυχιακή εργασία
Αποθηκεύτηκε σε:
| Κύριος συγγραφέας: | |
|---|---|
| Συγγραφή απο Οργανισμό/Αρχή: | |
| Άλλοι συγγραφείς: | |
| Μορφή: | Thesis Βιβλίο |
| Γλώσσα: | Greek |
| Δημοσίευση: |
2009
|
| Θέματα: | |
| Διαθέσιμο Online: | http://hdl.handle.net/11610/9875 |
| Ετικέτες: |
Προσθήκη ετικέτας
Δεν υπάρχουν, Καταχωρήστε ετικέτα πρώτοι!
|
MARC
| LEADER | 00000cam a2200000 i 4500 | ||
|---|---|---|---|
| 001 | 1/1743 | ||
| 008 | 090925s2009 gre d | ||
| 035 | |l 10105717 | ||
| 040 | |a GR-MY-UA |b gre |e aacr | ||
| 041 | 0 | |a gre | |
| 082 | 0 | |a 628.168 |2 (22) | |
| 100 | 1 | |a Κιρτικίδης, Σάββας Α. | |
| 245 | 1 | 0 | |a Διαχείριση δεδομένων πιεζομετρίας και ποιότητας νερών με χρήση GIS : |b εφαρμογή στη λεκάνη Σαριγκιόλ : πτυχιακή εργασία / |c του Κιρτικίδης Α. Σάββα ; επιβλέπων: Γαγάνης Πέτρος |
| 260 | |c 2009 | ||
| 300 | |a 164 σ.; |b εικ.; |c 30 εκ. | ||
| 502 | |a Πτυχιακή εργασία – Πανεπιστήμιο Αιγαίου, Λέσβος, 2009. | ||
| 504 | |a Περιέχει βιβλιογραφία, παραρτήματα και χάρτες | ||
| 650 | 0 | 0 | |a Groundwater |x Pollution |z Greece |z Ptolemais. |
| 650 | 0 | 0 | |a Water |x Pollution |z Greece |z Ptolemais. |
| 650 | 0 | 0 | |a Water |x Pollution |x Measurement |x Technique. |
| 650 | 0 | 0 | |a Groundwater |x Pollution |x Measurement. |
| 650 | 0 | 0 | |a Dissertations, Academic |z Greece. |
| 651 | 0 | |a Ptolemais (Greece) |x Environmental conditions. | |
| 700 | 1 | |a Γαγάνης, Πέτρος. |4 ths | |
| 710 | 2 | |a Πανεπιστήμιο Αιγαίου. |b Σχολή Περιβάλλοντος. |b Τμήμα Περιβάλλοντος. | |
| 852 | |a INST |b LESVOS |c DIATR |e 20090925 |h 1215 |p 005100046437 |q 005100046437 |t DIE |y 23 | ||
| 852 | |a INST |b LESVOS |c DIATR |e 20090925 |h 1216 |p 005100046436 |q 005100046436 |t DIE |y 23 | ||
| 856 | |u http://hdl.handle.net/11610/9875 | ||
| 901 | |a BIBL1-2009-3 | ||
| 909 | |a Λ |b 159077 | ||
| 909 | |a Λ |b 159078 | ||
| 924 | |a ΚΙΡΤΙΚΙΔΗΣ |b ΣΑΒΒΑΣ Α. |y ΛΕΣΒΟΣ |z 2009-06 | ||
| 970 | |a ΤΖΑΦΕΡΗ |b ΕΥΑΓΓΕΛΙΑ |z 2009/09/25 | ||